01483nam a2200241 a 4500001001000000003000900010005001700019008004100036020001500077040002500092082002500117100002800142245009200170260006100262300003100323504007300354505054500427600003700972651005001009651006601059651006601125651005001191000021207DO-SdBNP20250621074006.0100902s2004 dr c 000 0 spa d a9993427047 aDO-SdBNPbspacBNPHU 4a972.93054bV422c2221 aVega, Bernardo,d1938 -10aComo los americanos ayudaron a colocar a Balaguer en el poder en 1966 /cBernardo Vega. aSanto Domingo :bFundación Cultural Dominicana,c2004. a321 p. :bretrs. ;c27 cm. aIncluye referencias bibliográficas y notas al pie de las páginas2 aKennedy pide a Balaguer que abandone el poder -- Exilio y ostracismo en Nueva York -- Mann y el conservadurismo en Washington -- Irving A. Davidson entra en acción -- Los complots-- Johnson ordena que se logre que Balaguer vuelva al poder -- Johnson autoriza a la CIA a poner de inmediato a Balaguer en el poder -- Balaguer ofrece la solución -- Aspectos militares y de inteligencia -- El regreso de Balaguer -- La campaña electoral -- La recta final -- Y no llovió -- Conclusiones -- Notas -- Bibliografía -- Indice onomástico.10a Balaguer, Joaquín,d1906-200210aRepública DominicanaxPolítica y gobierno14aEstados UnidosxRelaciones exterioreszRepública Dominicana14aRepública DominicanaxRelaciones exterioreszEstados Unidos10aRepública Dominicana --xHistoria --y1961-